000 00273nam a22001097a 4500
008 170112b xxu||||| |||| 00| 0 eng d
020 _a9780781750400
041 _aeng
080 _22ND
_a618.2
245 _aHEALTH ASSESMENT IN NURSING
_cWEBER, J & KELLEY, J
942 _2udc
_cBK
999 _c2794
_d2794